000 00599nam a2200229Ia 4500
003 OSt
005 20220918204837.0
006 a|||||r|||| 00| 0
007 ta
008 220917b |||||||| |||| 00| 0 eng d
024 _a114,400
037 _cTextual
040 _aARTS
_cARTS
_beng
041 _2eng
_aeng
082 _aV5:19:M9, J0 (TTV)
100 _aLancer William L
_9113316
245 0 _aEuropean alliances and alignments 1871-1890
260 _c1950
650 _aHISTORY
942 _hV5:19:M9, J0 (TTV)
_cTEXL
_2CC
999 _c237731
_d237731